000 003530000a22001450004500
003 MACL
040 _aMACL
090 _c33676
_d33674
100 _aKundu, Shovonlal
245 _aFoundation of Programming with Basic & Computer Fundamentals
260 _bMacmillan
_c2001
350 _a270
650 _aComputer Programming
942 _cBOOK
_k005.1/KUN
999 _c33325
_d33325